Integrated rural development (Record no. 28328)

MARC details
000 -LEADER
fixed length control field 00304nam a2200121Ia 4500
082 ## - DEWEY DECIMAL CLASSIFICATION NUMBER
Classification number 332.021.8(540)
Item number SHA
100 ## - MAIN ENTRY--AUTHOR NAME
Personal name Malhotra, S L
245 #0 - TITLE STATEMENT
Title Integrated rural development
260 ## - PUBLICATION, DISTRIBUTION, ETC. (IMPRINT)
Place of publication Delhi
Name of publisher Abhinav
Year of publication 1977
700 ## - ADDED ENTRY--PERSONAL NAME
Personal name Sharma, S K
942 ## - ADDED ENTRY ELEMENTS (KOHA)
Koha item type Books
Holdings
Withdrawn status Lost status Damaged status Not for loan Home library Current library Date acquired Full call number Accession Number Koha item type
        RRII Library RRII Library 16/12/2021 332.021.8(540) SHA 08929 Books